MARC details
| 000 -CABECERA |
| campo de control de longitud fija |
01782nam a2200181 a 4500 |
| 001 - NÚMERO DE CONTROL |
| campo de control |
000000364 |
| 005 - FECHA Y HORA DE LA ÚLTIMA TRANSACCIÓN |
| campo de control |
20210819112332.0 |
| 008 - DATOS DE LONGITUD FIJA--INFORMACIÓN GENERAL |
| campo de control de longitud fija |
081112s2007 dr r 001 0 spa d |
| 040 ## - FUENTE DE LA CATALOGACIÓN |
| Centro catalogador/agencia de origen |
DO-SdBNP |
| Lengua de catalogación |
spa |
| Centro/agencia transcriptor |
BNPHU |
| 082 ## - NÚMERO DE LA CLASIFICACIÓN DECIMAL DEWEY |
| Número de clasificación |
340.1 |
| Número de documento/Ítem |
S232m |
| 100 ## - ENTRADA PRINCIPAL--NOMBRE DE PERSONA |
| Nombre de persona |
Santana Marcano, Miguel Ángel, |
| Fechas asociadas al nombre |
1967- |
| 9 (RLIN) |
48937 |
| 245 10 - MENCIÓN DE TÍTULO |
| Título |
Manual elemental de lógica jurídica para abogados / |
| Mención de responsabilidad, etc. |
Miguel Ángel Santana Marcano. |
| 260 ## - PUBLICACIÓN, DISTRIBUCIÓN, ETC. |
| Lugar de publicación, distribución, etc. |
Santo Domingo : |
| Nombre del editor, distribuidor, etc. |
La Filantrópica, |
| Fecha de publicación, distribución, etc. |
2007. |
| 300 ## - DESCRIPCIÓN FÍSICA |
| Extensión |
79 p. ; |
| Dimensiones |
22 cm. |
| 505 0# - NOTA DE CONTENIDO CON FORMATO |
| Título |
Qué es la lógica? -- |
| -- |
Los primeros principios -- |
| -- |
Qué es un concepto -- |
| -- |
El árbol de Porfirio -- |
| -- |
Qué es el juicio -- |
| -- |
División clásica de los juicios -- |
| -- |
Qué es la conversión de un juicio -- |
| -- |
Reglas sobre la verdad y falsedad de los juicios resultantes de la conversión y controversias -- |
| -- |
Relación entre el juicio y la proposición -- |
| -- |
El razonamiento o raciocinio -- |
| -- |
Clases de razonamientos -- |
| -- |
Qué es el silogismo? -- |
| -- |
Reglas del silogismos -- |
| -- |
Qué es una figura silogística -- |
| -- |
Qué es un modo silogístico? -- |
| -- |
Qué es un modo silogístico? -- |
| -- |
La primera figuara silogística -- |
| -- |
La segunda figura silogística -- |
| -- |
La tercera figura silogística -- |
| -- |
La cuarta figura silogística -- |
| -- |
La cuarta figura silogística -- |
| -- |
Reducción de los silogismos -- |
| -- |
Qué es una conversión peraccidens? -- |
| -- |
Qué es la reducción ad inpossibile? -- |
| -- |
Qué es el silogismo hipotético? -- |
| -- |
Qué es un entimema -- |
| -- |
Qué es un epiquerema? -- |
| -- |
Qué es un sorites? -- |
| -- |
Qué es un dilema? -- |
| -- |
Qué es un argumento? -- |
| -- |
Qué es argumentación concluyente? -- |
| -- |
Qué es argumento analógico? -- |
| -- |
Vicios de la argumentación -- |
| -- |
Clasificación de los sofismos verbales -- |
| -- |
Sofismos materiales o de pensamiento. |
| 650 #4 - PUNTO DE ACCESO ADICIONAL DE MATERIA--TÉRMINO DE MATERIA |
| Término de materia o nombre geográfico como elemento de entrada |
Filosofía del derecho |
| 9 (RLIN) |
1175 |
| 650 #4 - PUNTO DE ACCESO ADICIONAL DE MATERIA--TÉRMINO DE MATERIA |
| Término de materia o nombre geográfico como elemento de entrada |
Lógica (derecho) |
| 9 (RLIN) |
1174 |